Normal view
MARC view
- اليهود-تاريخ ، المسلمون والمسيحية-اليهود
Entry Topical Term
001 - CONTROL NUMBER
- control field: 14905
003 - CONTROL NUMBER IDENTIFIER
- control field: JO-AjAnu
005 - DATE AND TIME OF LATEST TRANSACTION
- control field: 20230606072659.0
008 - FIXED-LENGTH DATA ELEMENTS
- fixed length control field: 230606|| aca||aabn | a|a d
040 ## - CATALOGING SOURCE
- Original cataloging agency: JO-AjAnu
- Transcribing agency: JO-AjAnu
150 ## - HEADING--TOPICAL TERM
- Topical term or geographic name entry element: اليهود-تاريخ ، المسلمون والمسيحية-اليهود
670 ## - SOURCE DATA FOUND
- Source citation: Work cat.: (JO-AjAnu)7654: تاليف صبحي، أحمس حسن, author 14904, المسلمون والمسيحيون تحت الحصار اليهودي